[Event "ICC 5 0 r"]
[Site "Internet Chess Club"]
[Date "2016.03.20"]
[Round "?"]
[White "billforsternz"]
[Black "Zopov"]
[Result "0-1"]
[WhiteElo "1625"]
[BlackElo "1609"]
[PlyCount "78"]
[EventDate "2016.??.??"]

1. d4 d5 2. c4 c6 3. Nf3 Nf6 4. Nc3 e6 5. Bg5 dxc4 6. e4 b5 7. e5 h6 8. Bh4 g5
9. Nxg5 hxg5 10. Bxg5 Nbd7 11. g3 Qb6 12. exf6 c5 (12... Bb7 13. Bg2 O-O-O 14.
O-O Ne5 15. dxe5 $1 {Is the standard Queen sac discussed below}) 13. Bg2 Bb7 {
Diagram #} 14. Bxb7 $2 {This is horrible} (14. d5 $1 {
is a very important move in this and similar positions}) 14... Qxb7 15. O-O
O-O-O 16. a4 b4 17. Nb5 Ne5 {Diagram #} 18. dxe5 $1 {Reading Cox's book had at
least made me aware of the idea of this Queen sac, even though it is nowhere
near as good here as in the normal situation above, it's still a decent try}
Rxd1 19. Rfxd1 a6 20. Nd6+ Bxd6 21. Rxd6 Rd8 22. Rxd8+ Kxd8 23. Rd1+ Kc7 24.
Be3 Qb6 25. h4 Qa5 26. h5 Qxa4 27. Rc1 c3 28. bxc3 bxc3 $2 29. Bxc5 $2 Qc4 30.
Be3 Kc6 $2 31. h6 Kd5 $2 32. h7 Qc8 33. Rxc3 Qh8 34. Rc5+ Ke4 {Diagram #} 35.
Kg2 $4 {Oh no - I could have won with the not too difficult} (35. Rc4+ Kxe5 36.
Rc5+ Ke4 37. Rh5 a5 38. Bc5 a4 39. Bf8) 35... Qxh7 36. Rc4+ Kd5 37. Rd4+ Kxe5
38. Ra4 Qc2 39. Kf3 Qc6+ 0-1